000 00360nam a2200145Ia 4500
008 150201s2001 xx 000 0 und d
082 _a617.525
_bF2001P
100 _aPETER BANKS
245 _aFRACTURES OF THE FACIAL SKELETION
250 _a1ST
260 _bWRIGHT PUBLICATION
_aOXFORD
_c2001
300 _a1-196
650 _aORAL SURGERY
942 _2ddc
_cBK
999 _c3782
_d3782